Имидж. Искусство и реальность: учебное пособие для вузов

Detalles Bibliográficos
Autor principal: Горчакова В. Г. Валентина Григорьевна
Sumario:Рассматривается технология создания образа личности как художественного и информационного целого. Образ может быть спонтанным и искусственно выстроенным, совпадающим с вашими телесными ощущениями и неконгруэнтным, неосознанным и осознаваемым. Описываются этапы работы над имиджем: его психологическое конструирование, визуальное оформление, управление развитием и продвижением. Обсуждаются авторские методики, апробированные в процессе групповых тренингов и индивидуальной работы с представителями публично-коммуникативных профессий.Рекомендуется студентам, обучающимся по специальностям продюсерство, журналистика, PR, маркетинг, политология, психология и др. Книга может быть интересна всем, кто мотивирован целями самореализации.
Lenguaje:ruso
Publicado: Москва, ЮНИТИ, 2010
Materias:
Formato: Libro
KOHA link:https://koha.lib.tpu.ru/cgi-bin/koha/opac-detail.pl?biblionumber=184947

MARC

LEADER 00000nam0a2200000 4500
001 184947
005 20231101223900.0
010 |a 9785238019307 
035 |a (RuTPU)RU\TPU\book\200582 
090 |a 184947 
100 |a 20100927d2010 m y0rusy50 ca 
101 0 |a rus 
102 |a RU 
105 |a a j 001zy 
200 1 |a Имидж. Искусство и реальность  |e учебное пособие для вузов  |f В. Г. Горчакова 
210 |a Москва  |c ЮНИТИ  |d 2010 
215 |a 279 с.  |c ил. 
320 |a Библиогр.: с. 265. 
320 |a Краткий словарь терминов: с. 266-274. 
330 |a Рассматривается технология создания образа личности как художественного и информационного целого. Образ может быть спонтанным и искусственно выстроенным, совпадающим с вашими телесными ощущениями и неконгруэнтным, неосознанным и осознаваемым. Описываются этапы работы над имиджем: его психологическое конструирование, визуальное оформление, управление развитием и продвижением. Обсуждаются авторские методики, апробированные в процессе групповых тренингов и индивидуальной работы с представителями публично-коммуникативных профессий.Рекомендуется студентам, обучающимся по специальностям продюсерство, журналистика, PR, маркетинг, политология, психология и др. Книга может быть интересна всем, кто мотивирован целями самореализации. 
606 1 |a Имидж  |x Психология  |2 stltpush  |3 (RuTPU)RU\TPU\subj\12399  |9 39186 
606 1 |a Паблик Рилейшнз (ПР)  |2 stltpush  |3 (RuTPU)RU\TPU\subj\27914  |9 51569 
610 1 |a личность 
610 1 |a общение 
610 1 |a художественный образ 
610 1 |a популярность 
610 1 |a самовыражение 
610 1 |a гендер 
610 1 |a лидерство 
610 1 |a статус 
610 1 |a имиджевые технологии 
610 1 |a психотехника 
610 1 |a личное обояние 
610 1 |a имидж-анализ 
610 1 |a профессиональный имидж 
610 1 |a гармония 
610 1 |a эстетика 
610 1 |a стиль 
610 1 |a композиция 
610 1 |a публичное общение 
610 1 |a учебные пособия 
675 |a 659.4(075.8)  |v 3 
686 |a Ю953я73  |v LBC/SL-A  |2 rubbk 
700 1 |a Горчакова  |b В. Г.  |g Валентина Григорьевна 
801 1 |a RU  |b 63413507  |c 20100927 
801 2 |a RU  |b 63413507  |c 20150618  |g RCR 
942 |c BK 
959 |a 64/20100927  |d 2  |e 300,00  |f ЧЗГЛ:1  |f АНЛ:1